00279nam a2200097Ia 4500001000800000005001700008008004100025020001800066245007800084260001900162127235420260417151427.0260417s9999 xx 000 0 und d a9786255998798 0aYeniden Geleceğim – Mescid-i Aksa’ya YolculukcGönül Ayyıldız bKetebe Çocuk